Physique (culture générale) - Statistiques

Statistiques générales
  • Ce quiz a été pris 2 445 fois
  • Le résultat moyen est 8 sur 15
Statistiques - réponses
Hint Réponse % Correct
Comment s'appelle la particule de lumière ? Le photon
90%
Quelle force fait flotter les bateaux ? La poussée d'Archimède
72%
Comment appelle-t-on la température la plus basse possible ? Le zéro absolu
67%
Combien y a-t-il d'interactions fondamentales ? Quatre
66%
Quelles lentilles optiques sont plus épaisses aux bords qu'au centre ? Les lentilles divergentes
59%
Quelle est la trajectoire d'un corps en orbite autour d'un autre corps ? Une ellipse
58%
Quel est le nom de la constante physique h que l'on retrouve en mécanique quantique ? La constante de Planck
52%
Comment appelle-t-on le phénomène de décalage de la fréquence d'un signal dû au déplacement de sa source ? L'effet Doppler
50%
Quelle grandeur ne peut qu'augmenter d'après la 2è loi de la thermodynamique ? L'entropie
45%
Quelle grandeur est un débit de charge électrique ? L'intensité
44%
Quelle expérience, ayant eu lieu au Panthéon, à Paris, a permis de mettre en évidence la rotation de la Terre ? L'expérience du pendule de Foucault
39%
Comment appelle-t-on un graphe où l'axe des abscisses est la longueur d'onde ? Un spectre
39%
Quelles particules élémentaires composent les nucléons ? Les quarks
35%
Quelle échelle se situe entre l'échelle microscopique et l'échelle macroscopique ? L'échelle mésoscopique
27%
Dans quelles conditions faut-il se placer pour espérer avoir une belle image en optique géométrique ? Les conditions de Gauss
20%
Aucun quiz correspondant
Distribution des résultats
% des personnes avec chaque résultat
Percentile par nombre de réponses
Votre historique - résultats
Vous n’avez pas pris ce quiz